[Event "Elite Hotels Open 2019"]
[Site "Vaxjo"]
[Date "2019.02.10"]
[Round "8.5"]
[White "Jepson, Christian"]
[Black "Nilsson, Patrik 1978"]
[Result "1-0"]
[WhiteElo "2389"]
[BlackElo "2169"]
[Annotator "NA"]
[PlyCount "48"]
[EventDate "2019.02.08"]
[EventType "swiss"]
[EventCountry "SWE"]
[SourceTitle "playchess.com"]
[Source "ChessBase"]
[SourceQuality "1"]
[TimeControl "5400+30"]

1. d4 {[%emt 0:05:44]} f5 {[%emt 0:00:00]} 2. Nc3 {[%emt 0:00:06]} Nf6 {[%emt 0:00:14]} 3. Bg5 {[%emt 0:00:23]} d5 {[%emt 0:00:06]} 4. e3 {[%emt 0:00:24]} Be6 {[%emt 0:04:54]} 5. Nf3 {[%emt 0:04:42]} Nbd7 {[%emt 0:03:21]} 6. h4 {[%emt 0:08:05]} Bf7 {[%emt 0:07:14]} 7. Bf4 {[%emt 0:09:19]} a6 {[%emt 0:01:52]} 8. Ne5 {[%emt 0:16:21]} e6 {[%emt 0:01:18]} 9. a3 {[%emt 0:01:05]} c5 {[%emt 0:08:56]} 10. Be2 {[%emt 0:01:52]} Qb6 {[%emt 0:09:00]} 11. O-O {[%emt 0:19:03]} Nxe5 {[%emt 0:08:52]} 12. Bxe5 {[%emt 0:00:23]} Nd7 {[%emt 0:00:39]} 13. Bf4 {[%emt 0:05:03]} Be7 {[%emt 0:02:25]} 14. g3 {[%emt 0:05:40]} Rc8 {[%emt 0:01:35]} 15. Rb1 {[%emt 0:02:24]} h6 {[%emt 0:10:22]} 16. h5 {[%emt 0:00:27]} Bf6 {[%emt 0:00:07]} 17. Na4 {[%emt 0:02:36]} Qa5 {[%emt 0:00:55]} 18. Nxc5 {[%emt 0:01:20]} Qb6 {[%emt 0:15:13]} 19. b4 {[%emt 0:05:44]} Be7 {[%emt 0:02:49]} 20. c4 {[%emt 0:00:39]} Nf6 {[%emt 0:05:26]} 21. cxd5 {[%emt 0:01:49]} exd5 {[%emt 0:00:36]} 22. Qa4+ {[%emt 0:01:02]} Kf8 {[%emt 0:01:16]} 23. Rfc1 {[%emt 0:00:03]} Be8 {[%emt 0:00:50]} 24. Qc2 {[%emt 0:00:52]} Qa7 1-0

[Event "Elite Hotels Open 2019"]
[Site "Vaxjo"]
[Date "2019.02.10"]
[Round "8.6"]
[White "Westerberg, Jonathan"]
[Black "Walinder, Lars"]
[Result "1/2-1/2"]
[WhiteElo "2544"]
[BlackElo "2245"]
[Annotator "ChessBase"]
[PlyCount "63"]
[EventDate "2019.02.08"]
[EventType "swiss"]
[EventCountry "SWE"]
[SourceTitle "playchess.com"]
[Source "ChessBase"]
[SourceQuality "1"]
[TimeControl "5400+30"]

1. Nf3 {[%emt 0:00:00]} d5 {[%emt 0:00:00]} 2. e3 {[%emt 0:00:00]} Nf6 {[%emt 0:00:08]} 3. c4 {[%emt 0:00:00]} e6 {[%emt 0:00:42]} 4. b3 {[%emt 0:00:03]} Bd6 {[%emt 0:06:13]} 5. Bb2 {[%emt 0:01:07]} Nbd7 {[%emt 0:01:12]} 6. Nc3 {[%emt 0:00:32]} c6 {[%emt 0:02:36]} 7. Qc2 {[%emt 0:00:06]} O-O {[%emt 0:04:26]} 8. Be2 {[%emt 0:00:08]} b6 {[%emt 0:05:26]} 9. Rg1 {[%emt 0:12:49]} Qe7 {[%emt 0:24:25]} 10. g4 {[%emt 0:08:39]} Ba3 {[%emt 0:03:44]} 11. g5 {[%emt 0:00:33]} Ne8 {[%emt 0:00:32]} 12. h4 {[%emt 0:01:20]} Bxb2 {[%emt 0:02:57]} 13. Qxb2 {[%emt 0:00:02]} Nd6 {[%emt 0:01:10]} 14. h5 {[%emt 0:00:08]} Bb7 {[%emt 0:02:06]} 15. h6 {[%emt 0:02:23]} e5 {[%emt 0:04:03]} 16. hxg7 {[%emt 0:01:19]} Kxg7 {[%emt 0:00:40]} 17. d4 {[%emt 0:01:48]} Kg8 {[%emt 0:01:10]} 18. O-O-O {[%emt 0:15:07]} e4 {[%emt 0:02:01]} 19. Nh4 {[%emt 0:01:59]} a5 {[%emt 0:03:04]} 20. c5 {[%emt 0:03:04]} bxc5 {[%emt 0:03:45]} 21. dxc5 {[%emt 0:03:24]} Nxc5 {[%emt 0:01:13]} 22. Kb1 {[%emt 0:00:30]} Qe5 {[%emt 0:10:47]} 23. Rc1 {[%emt 0:02:26]} Nd3 {[%emt 0:13:48]} 24. Bxd3 {[%emt 0:03:53]} exd3 {[%emt 0:00:06]} 25. Na4 {[%emt 0:00:59]} Qe4 {[%emt 0:00:48]} 26. Nc5 {[%emt 0:00:02]} Qe7 {[%emt 0:03:24]} 27. Nxb7 {[%emt 0:09:54]} Qxb7 {[%emt 0:00:30]} 28. g6 {[%emt 0:00:14]} f6 {[%emt 0:01:22]} 29. gxh7+ {[%emt 0:02:35]} Kxh7 {[%emt 0:00:16]} 30. f3 {[%emt 0:00:30]} d2 {[%emt 0:01:42]} 31. Qxd2 {[%emt 0:00:17]} Qb5 {[%emt 0:00:08]} 32. Qh2 1/2-1/2

[Event "Elite Hotels Open 2019"]
[Site "Vaxjo"]
[Date "2019.02.10"]
[Round "8.7"]
[White "Hector, Jonny"]
[Black "Lindahl, Emil"]
[Result "1/2-1/2"]
[WhiteElo "2488"]
[BlackElo "2160"]
[Annotator "ChessBase"]
[PlyCount "117"]
[EventDate "2019.02.08"]
[EventType "swiss"]
[EventCountry "SWE"]
[SourceTitle "playchess.com"]
[Source "ChessBase"]
[SourceQuality "1"]
[TimeControl "5400+30"]

1. e4 {[%emt 0:00:00]} c5 {[%emt 0:00:00]} 2. Nf3 {[%emt 0:00:00]} e6 {[%emt 0:00:00]} 3. d4 {[%emt 0:00:00]} cxd4 {[%emt 0:00:00]} 4. Nxd4 {[%emt 0:00:03]} a6 {[%emt 0:00:33]} 5. c4 {[%emt 0:00:52]} Nf6 {[%emt 0:01:43]} 6. Nc3 {[%emt 0:00:25]} d6 {[%emt 0:00:34]} 7. Be2 {[%emt 0:02:22]} Be7 {[%emt 0:01:30]} 8. Be3 {[%emt 0:05:48]} Qc7 {[%emt 0:03:38]} 9. Rc1 {[%emt 0:02:13]} Nbd7 {[%emt 0:00:37]} 10. O-O {[%emt 0:02:45]} b6 {[%emt 0:00:36]} 11. f4 {[%emt 0:02:42]} Bb7 {[%emt 0:00:50]} 12. Bf3 {[%emt 0:00:29]} O-O {[%emt 0:00:51]} 13. Qe2 {[%emt 0:04:04]} Rac8 {[%emt 0:04:15]} 14. b3 {[%emt 0:00:22]} Rfe8 {[%emt 0:04:38]} 15. g4 {[%emt 0:04:50]} Nc5 {[%emt 0:07:43]} 16. Bf2 {[%emt 0:08:22]} e5 {[%emt 0:13:05]} 17. fxe5 {[%emt 0:00:52]} dxe5 {[%emt 0:00:24]} 18. Bg3 {[%emt 0:00:45]} Ncxe4 {[%emt 0:10:22]} 19. Nxe4 {[%emt 0:05:28]} Nxe4 {[%emt 0:00:51]} 20. Bxe4 {[%emt 0:00:24]} Bxe4 {[%emt 0:02:35]} 21. Qxe4 {[%emt 0:00:20]} Bc5 {[%emt 0:00:40]} 22. Rcd1 {[%emt 0:03:49]} Qd6 {[%emt 0:04:36]} 23. Kg2 {[%emt 0:20:00]} Bxd4 {[%emt 0:01:18]} 24. Bf2 {[%emt 0:02:58]} Red8 {[%emt 0:03:59]} 25. Rd2 {[%emt 0:04:58]} Qc6 {[%emt 0:16:58]} 26. Qxc6 {[%emt 0:02:03]} Rxc6 {[%emt 0:00:00]} 27. Rfd1 {[%emt 0:02:32]} Rcd6 {[%emt 0:00:38]} 28. Bxd4 {[%emt 0:14:11]} exd4 {[%emt 0:00:54]} 29. Re1 {[%emt 0:00:25]} Kf8 {[%emt 0:02:57]} 30. Re4 {[%emt 0:00:06]} f6 {[%emt 0:03:13]} 31. Kf3 {[%emt 0:00:29]} Kf7 {[%emt 0:00:46]} 32. Ke2 {[%emt 0:00:27]} R8d7 {[%emt 0:06:01]} 33. Kd3 {[%emt 0:00:15]} a5 {[%emt 0:02:04]} 34. a3 {[%emt 0:00:16]} Rd8 {[%emt 0:04:34]} 35. b4 {[%emt 0:00:55]} axb4 {[%emt 0:00:59]} 36. axb4 {[%emt 0:00:02]} Kg6 {[%emt 0:02:18]} 37. h4 {[%emt 0:03:20]} h5 {[%emt 0:00:54]} 38. Rg2 {[%emt 0:00:06]} R8d7 {[%emt 0:00:37]} 39. c5 {[%emt 0:03:16]} bxc5 {[%emt 0:00:14]} 40. bxc5 {[%emt 0:00:04]} Rd5 {[%emt 0:00:15]} 41. Kc4 {[%emt 0:00:11]} Re5 {[%emt 0:01:14]} 42. Rxd4 {[%emt 0:02:04]} Rc7 {[%emt 0:00:27]} 43. gxh5+ {[%emt 0:00:54]} Kxh5 {[%emt 0:00:09]} 44. Rd5 {[%emt 0:00:30]} Rxd5 {[%emt 0:00:10]} 45. Kxd5 {[%emt 0:00:03]} Kxh4 {[%emt 0:00:13]} 46. Kd6 {[%emt 0:00:14]} Ra7 {[%emt 0:00:33]} 47. c6 {[%emt 0:00:30]} g5 {[%emt 0:00:18]} 48. Rc2 {[%emt 0:01:29]} g4 {[%emt 0:00:52]} 49. c7 {[%emt 0:00:06]} Rxc7 {[%emt 0:00:52]} 50. Rxc7 {[%emt 0:00:05]} g3 {[%emt 0:00:12]} 51. Rg7 {[%emt 0:01:55]} Kh3 {[%emt 0:00:46]} 52. Kd5 {[%emt 0:00:06]} Kg2 {[%emt 0:00:37]} 53. Ke4 {[%emt 0:01:43]} Kf2 {[%emt 0:00:26]} 54. Ra7 {[%emt 0:00:23]} g2 {[%emt 0:00:46]} 55. Ra2+ {[%emt 0:00:09]} Kg3 {[%emt 0:00:28]} 56. Ra1 {[%emt 0:00:37]} Kf2 {[%emt 0:00:37]} 57. Kf5 {[%emt 0:00:16]} g1=Q {[%emt 0:00:10]} 58. Rxg1 {[%emt 0:00:03]} Kxg1 {[%emt 0:00:08]} 59. Kxf6 1/2-1/2

[Event "Elite Hotels Open 2019"]
[Site "Vaxjo"]
[Date "2019.02.10"]
[Round "8.8"]
[White "Goransson, Martin"]
[Black "Brynell, Stellan"]
[Result "0-1"]
[WhiteElo "2074"]
[BlackElo "2400"]
[Annotator "NA"]
[PlyCount "52"]
[EventDate "2019.02.08"]
[EventType "swiss"]
[EventCountry "SWE"]
[SourceTitle "playchess.com"]
[Source "ChessBase"]
[SourceQuality "1"]
[TimeControl "5400+30"]

1. c4 {[%emt 0:00:00]} Nf6 {[%emt 0:00:02]} 2. g3 {[%emt 0:00:00]} e5 {[%emt 0:00:35]} 3. Bg2 {[%emt 0:00:00]} c6 {[%emt 0:00:47]} 4. Nf3 {[%emt 0:00:12]} e4 {[%emt 0:00:37]} 5. Nd4 {[%emt 0:00:05]} d5 {[%emt 0:00:35]} 6. d3 {[%emt 0:02:17]} Bb4+ {[%emt 0:09:04]} 7. Bd2 {[%emt 0:05:16]} Bxd2+ {[%emt 0:02:03]} 8. Qxd2 {[%emt 0:00:44]} O-O {[%emt 0:00:38]} 9. Nc3 {[%emt 0:06:45]} exd3 {[%emt 0:06:26]} 10. Qxd3 {[%emt 0:00:51]} dxc4 {[%emt 0:06:34]} 11. Qxc4 {[%emt 0:00:16]} Qa5 {[%emt 0:02:34]} 12. O-O {[%emt 0:00:59]} Qh5 {[%emt 0:00:13]} 13. h4 {[%emt 0:06:17]} Nbd7 {[%emt 0:00:27]} 14. b4 {[%emt 0:03:21]} Ne5 {[%emt 0:05:45]} 15. Qc5 {[%emt 0:02:14]} Re8 {[%emt 0:01:41]} 16. Rfe1 {[%emt 0:11:39]} Bg4 {[%emt 0:01:00]} 17. Nb3 {[%emt 0:18:57]} b6 {[%emt 0:03:31]} 18. Qd4 {[%emt 0:00:30]} Rad8 {[%emt 0:00:25]} 19. Qf4 {[%emt 0:00:17]} h6 {[%emt 0:00:47]} 20. f3 {[%emt 0:10:00]} Be6 {[%emt 0:06:23]} 21. Red1 {[%emt 0:05:01]} Ng6 {[%emt 0:05:31]} 22. Qc7 {[%emt 0:01:28]} Rc8 {[%emt 0:00:02]} 23. Qxa7 {[%emt 0:00:27]} Qe5 {[%emt 0:00:16]} 24. Rac1 {[%emt 0:03:15]} Qxg3 {[%emt 0:00:36]} 25. Qxb6 {[%emt 0:00:18]} Nf4 {[%emt 0:00:21]} 26. Qf2 {[%emt 0:00:46]} Nh3+ {[%emt 0:00:06]} 0-1

[Event "Elite Hotels Open 2019"]
[Site "Vaxjo"]
[Date "2019.02.10"]
[Round "8.9"]
[White "Jogstad, Daniel"]
[Black "Lindgren, Philip"]
[Result "0-1"]
[WhiteElo "2127"]
[BlackElo "2379"]
[Annotator "NA"]
[PlyCount "54"]
[EventDate "2019.02.08"]
[EventType "swiss"]
[EventCountry "SWE"]
[SourceTitle "playchess.com"]
[Source "ChessBase"]
[SourceQuality "1"]
[TimeControl "5400+30"]

1. e4 {[%emt 0:00:00]} c5 {[%emt 0:00:26]} 2. Nf3 {[%emt 0:00:00]} d6 {[%emt 0:00:23]} 3. Bb5+ {[%emt 0:00:00]} Nd7 {[%emt 0:00:24]} 4. O-O {[%emt 0:00:23]} a6 {[%emt 0:01:10]} 5. Bxd7+ {[%emt 0:00:17]} Bxd7 {[%emt 0:00:17]} 6. d4 {[%emt 0:02:13]} cxd4 {[%emt 0:01:37]} 7. Qxd4 {[%emt 0:00:14]} e5 {[%emt 0:01:47]} 8. Qd3 {[%emt 0:00:45]} h6 {[%emt 0:00:25]} 9. a4 {[%emt 0:05:59]} Nf6 {[%emt 0:10:26]} 10. Nc3 {[%emt 0:00:27]} Rc8 {[%emt 0:03:31]} 11. Be3 {[%emt 0:12:22]} Be7 {[%emt 0:02:56]} 12. a5 {[%emt 0:01:09]} Be6 {[%emt 0:03:55]} 13. Bb6 {[%emt 0:04:07]} Qd7 {[%emt 0:02:45]} 14. Nd2 {[%emt 0:00:08]} O-O {[%emt 0:05:42]} 15. f4 {[%emt 0:12:14]} exf4 {[%emt 0:03:35]} 16. Rxf4 {[%emt 0:00:27]} Ng4 {[%emt 0:06:01]} 17. Bd4 {[%emt 0:05:59]} Bg5 {[%emt 0:07:45]} 18. Rff1 {[%emt 0:00:07]} Ne5 {[%emt 0:01:24]} 19. Qe2 {[%emt 0:15:43]} Rfe8 {[%emt 0:05:47]} 20. Be3 {[%emt 0:05:39]} Bd8 {[%emt 0:04:15]} 21. Qe1 {[%emt 0:01:23]} d5 {[%emt 0:07:32]} 22. exd5 {[%emt 0:06:46]} Bxd5 {[%emt 0:00:50]} 23. Qg3 {[%emt 0:00:30]} Ng6 {[%emt 0:03:22]} 24. Nxd5 {[%emt 0:02:38]} Qxd5 {[%emt 0:00:45]} 25. c4 {[%emt 0:01:43]} Qd7 {[%emt 0:10:25]} 26. b3 {[%emt 0:01:03]} Bf6 {[%emt 0:03:09]} 27. Ra2 {[%emt 0:00:25]} Rxe3 {[%emt 0:00:12]} 0-1

[Event "Elite Hotels Open 2019"]
[Site "Vaxjo"]
[Date "2019.02.10"]
[Round "8.10"]
[White "Dragicevic, Drazen"]
[Black "Olsson, William"]
[Result "1-0"]
[WhiteElo "2339"]
[BlackElo "2011"]
[Annotator "NA"]
[PlyCount "91"]
[EventDate "2019.02.08"]
[EventType "swiss"]
[EventCountry "SWE"]
[SourceTitle "playchess.com"]
[Source "ChessBase"]
[SourceQuality "1"]
[TimeControl "5400+30"]

1. c4 {[%emt 0:05:12]} c5 {[%emt 0:00:00]} 2. Nf3 {[%emt 0:00:57]} Nc6 {[%emt 0:00:00]} 3. g3 {[%emt 0:02:41]} g6 {[%emt 0:00:00]} 4. Bg2 {[%emt 0:00:06]} Bg7 {[%emt 0:00:00]} 5. O-O {[%emt 0:00:14]} e6 {[%emt 0:00:00]} 6. Nc3 {[%emt 0:05:19]} Nge7 {[%emt 0:02:47]} 7. a3 {[%emt 0:00:30]} O-O {[%emt 0:01:27]} 8. Rb1 {[%emt 0:02:06]} a5 {[%emt 0:01:10]} 9. Nb5 {[%emt 0:06:47]} Nf5 {[%emt 0:07:24]} 10. d3 {[%emt 0:12:42]} d5 {[%emt 0:09:00]} 11. cxd5 {[%emt 0:03:09]} exd5 {[%emt 0:02:01]} 12. Bf4 {[%emt 0:09:32]} Be6 {[%emt 0:07:27]} 13. Ng5 {[%emt 0:15:05]} Rc8 {[%emt 0:08:49]} 14. e4 {[%emt 0:06:27]} Nfe7 {[%emt 0:04:52]} 15. Nxe6 {[%emt 0:02:55]} fxe6 {[%emt 0:00:11]} 16. Bh3 {[%emt 0:00:28]} Qd7 {[%emt 0:01:50]} 17. Bd6 {[%emt 0:14:25]} dxe4 {[%emt 0:07:12]} 18. Qb3 {[%emt 0:01:36]} Nd8 {[%emt 0:02:32]} 19. dxe4 {[%emt 0:02:48]} c4 {[%emt 0:06:25]} 20. Qa4 {[%emt 0:00:11]} Rf3 {[%emt 0:00:39]} 21. Rbd1 {[%emt 0:00:45]} Qe8 {[%emt 0:04:38]} 22. Bxe7 {[%emt 0:02:33]} Qxe7 {[%emt 0:00:13]} 23. Nd6 {[%emt 0:00:32]} Rc5 {[%emt 0:02:07]} 24. Nxb7 {[%emt 0:01:59]} Nxb7 {[%emt 0:02:00]} 25. Rd7 {[%emt 0:00:01]} Qf8 {[%emt 0:01:39]} 26. Rxb7 {[%emt 0:00:07]} Bd4 {[%emt 0:00:17]} 27. Qd7 {[%emt 0:00:44]} Bg7 {[%emt 0:00:55]} 28. Qxe6+ {[%emt 0:01:10]} Kh8 {[%emt 0:00:09]} 29. Re7 {[%emt 0:00:25]} Re5 {[%emt 0:00:33]} 30. Qxe5 {[%emt 0:02:08]} Bxe5 {[%emt 0:00:06]} 31. Rxe5 {[%emt 0:00:05]} Qb8 {[%emt 0:02:48]} 32. Rc5 {[%emt 0:00:49]} Qxb2 {[%emt 0:02:47]} 33. Rxc4 {[%emt 0:00:04]} Rxa3 {[%emt 0:00:41]} 34. Bg4 {[%emt 0:01:49]} Rc3 {[%emt 0:01:41]} 35. Ra4 {[%emt 0:00:25]} Rc5 {[%emt 0:00:16]} 36. Raa1 {[%emt 0:00:27]} Qf6 {[%emt 0:02:39]} 37. Kg2 {[%emt 0:00:28]} Qd4 {[%emt 0:01:26]} 38. Bf3 {[%emt 0:00:42]} a4 {[%emt 0:01:48]} 39. Rfd1 {[%emt 0:00:09]} Qb4 {[%emt 0:00:36]} 40. Rab1 {[%emt 0:00:29]} Qc3 {[%emt 0:00:28]} 41. Rd7 {[%emt 0:00:19]} a3 {[%emt 0:01:17]} 42. Rbb7 {[%emt 0:00:14]} Rc8 {[%emt 0:02:28]} 43. Bg4 {[%emt 0:00:03]} Re8 {[%emt 0:01:04]} 44. Be6 {[%emt 0:00:23]} Rxe6 {[%emt 0:04:30]} 45. Rd8+ {[%emt 0:00:14]} Re8 {[%emt 0:00:06]} 46. Rxe8# {[%emt 0:00:06]} 1-0

[Event "Elite Hotels Open 2019"]
[Site "Vaxjo"]
[Date "2019.02.10"]
[Round "8.11"]
[White "Rasti, Arvin"]
[Black "Lindborg, Patrik"]
[Result "1/2-1/2"]
[WhiteElo "1952"]
[BlackElo "2210"]
[Annotator "NA"]
[PlyCount "51"]
[EventDate "2019.02.08"]
[EventType "swiss"]
[EventCountry "SWE"]
[SourceTitle "playchess.com"]
[Source "ChessBase"]
[SourceQuality "1"]
[TimeControl "5400+30"]

1. d4 {[%emt 0:00:00]} Nf6 {[%emt 0:00:00]} 2. c4 {[%emt 0:00:00]} g6 {[%emt 0:02:00]} 3. Nc3 {[%emt 0:00:03]} d5 {[%emt 0:00:48]} 4. Nf3 {[%emt 0:01:26]} Bg7 {[%emt 0:00:14]} 5. Bf4 {[%emt 0:02:20]} c6 {[%emt 0:14:53]} 6. e3 {[%emt 0:00:36]} O-O {[%emt 0:04:58]} 7. h3 {[%emt 0:00:49]} Ne4 {[%emt 0:06:26]} 8. Bd3 {[%emt 0:02:33]} Qa5 {[%emt 0:16:25]} 9. Qc2 {[%emt 0:10:07]} Na6 {[%emt 0:01:26]} 10. O-O {[%emt 0:05:55]} Nb4 {[%emt 0:00:44]} 11. Qe2 {[%emt 0:00:19]} Nxc3 {[%emt 0:01:30]} 12. bxc3 {[%emt 0:00:18]} Nxd3 {[%emt 0:00:38]} 13. Qxd3 {[%emt 0:00:04]} Qa6 {[%emt 0:01:28]} 14. Rfd1 {[%emt 0:05:11]} dxc4 {[%emt 0:02:28]} 15. Qe2 {[%emt 0:00:47]} b5 {[%emt 0:05:40]} 16. a4 {[%emt 0:03:05]} Qb7 {[%emt 0:00:59]} 17. Rdb1 {[%emt 0:01:37]} a6 {[%emt 0:02:59]} 18. Be5 {[%emt 0:01:19]} f6 {[%emt 0:01:15]} 19. Bg3 {[%emt 0:00:59]} Be6 {[%emt 0:00:35]} 20. Nd2 {[%emt 0:00:30]} Qc8 {[%emt 0:01:46]} 21. Rb2 {[%emt 0:02:17]} Bf7 {[%emt 0:02:07]} 22. Ne4 {[%emt 0:01:41]} Re8 {[%emt 0:01:45]} 23. Rba2 {[%emt 0:03:18]} e5 {[%emt 0:03:11]} 24. Nd6 {[%emt 0:05:36]} Qe6 {[%emt 0:01:40]} 25. dxe5 {[%emt 0:00:46]} fxe5 26. Nxe8 1/2-1/2

[Event "Elite Hotels Open 2019"]
[Site "Vaxjo"]
[Date "2019.02.10"]
[Round "8.12"]
[White "Barkhagen, Jonas"]
[Black "Karlsson, Jorgen"]
[Result "1-0"]
[WhiteElo "2429"]
[BlackElo "2079"]
[Annotator "NA"]
[PlyCount "80"]
[EventDate "2019.02.08"]
[EventType "swiss"]
[EventCountry "SWE"]
[SourceTitle "playchess.com"]
[Source "ChessBase"]
[SourceQuality "1"]
[TimeControl "5400+30"]

1. d4 {[%emt 0:00:00]} g6 {[%emt 0:00:00]} 2. c4 {[%emt 0:00:00]} Bg7 {[%emt 0:00:00]} 3. e4 {[%emt 0:00:38]} d6 {[%emt 0:00:00]} 4. Nc3 {[%emt 0:00:11]} Nc6 {[%emt 0:00:34]} 5. d5 {[%emt 0:01:15]} Nd4 {[%emt 0:00:18]} 6. Be3 {[%emt 0:00:31]} e5 {[%emt 0:00:22]} 7. Nge2 {[%emt 0:04:53]} Nxe2 {[%emt 0:05:27]} 8. Bxe2 {[%emt 0:00:06]} f5 {[%emt 0:00:26]} 9. exf5 {[%emt 0:01:08]} gxf5 {[%emt 0:00:40]} 10. f4 {[%emt 0:03:07]} Ne7 {[%emt 0:01:39]} 11. fxe5 {[%emt 0:04:21]} Bxe5 {[%emt 0:00:17]} 12. Bg5 {[%emt 0:04:10]} O-O {[%emt 0:06:20]} 13. O-O {[%emt 0:00:10]} Qd7 {[%emt 0:02:00]} 14. Qd2 {[%emt 0:00:33]} Ng6 {[%emt 0:00:57]} 15. Bh5 {[%emt 0:04:15]} c5 {[%emt 0:04:18]} 16. dxc6 {[%emt 0:05:45]} bxc6 {[%emt 0:00:09]} 17. Rae1 {[%emt 0:00:07]} Qe6 {[%emt 0:01:02]} 18. b3 {[%emt 0:01:24]} Bb7 {[%emt 0:07:02]} 19. Kh1 {[%emt 0:06:13]} Rae8 {[%emt 0:02:33]} 20. Ne2 {[%emt 0:16:08]} c5 {[%emt 0:08:18]} 21. Bh6 {[%emt 0:01:51]} Rf7 {[%emt 0:00:54]} 22. Nf4 {[%emt 0:07:07]} Qf6 {[%emt 0:00:48]} 23. Bf3 {[%emt 0:05:14]} Qh4 {[%emt 0:07:50]} 24. Bxb7 {[%emt 0:00:13]} Rxb7 {[%emt 0:00:11]} 25. Nh3 {[%emt 0:00:09]} Rf7 {[%emt 0:01:08]} 26. Bg5 {[%emt 0:11:38]} Qh5 {[%emt 0:03:53]} 27. Qe2 {[%emt 0:03:18]} Qxe2 {[%emt 0:02:15]} 28. Rxe2 {[%emt 0:00:05]} Kg7 {[%emt 0:00:29]} 29. g3 {[%emt 0:01:13]} h6 {[%emt 0:01:51]} 30. Bd2 {[%emt 0:00:21]} Ne7 {[%emt 0:03:22]} 31. Nf4 {[%emt 0:01:36]} Nc6 {[%emt 0:00:26]} 32. Nd5 {[%emt 0:00:23]} Nd4 {[%emt 0:01:33]} 33. Ref2 {[%emt 0:00:09]} Kg6 {[%emt 0:04:13]} 34. g4 {[%emt 0:02:47]} h5 {[%emt 0:03:57]} 35. gxh5+ {[%emt 0:02:08]} Kxh5 {[%emt 0:00:08]} 36. Rg1 {[%emt 0:02:13]} Ne6 {[%emt 0:01:43]} 37. Rf3 {[%emt 0:00:20]} Nd4 38. Rf2 Rg7 39. Rxg7 Bxg7 40. Rg2 Ne6 1-0

[Event "Elite Hotels Open 2019"]
[Site "Vaxjo"]
[Date "2019.02.10"]
[Round "8.13"]
[White "Attefall, Fredrik"]
[Black "Kucuksari, Kaan"]
[Result "0-1"]
[WhiteElo "1993"]
[BlackElo "2301"]
[Annotator "NA"]
[PlyCount "48"]
[EventDate "2019.02.08"]
[EventType "swiss"]
[EventCountry "SWE"]
[SourceTitle "playchess.com"]
[Source "ChessBase"]
[SourceQuality "1"]
[TimeControl "5400+30"]

1. e4 {[%emt 0:00:00]} c5 {[%emt 0:00:00]} 2. Nf3 {[%emt 0:00:00]} e6 {[%emt 0:00:00]} 3. d4 {[%emt 0:00:00]} cxd4 {[%emt 0:00:00]} 4. Nxd4 {[%emt 0:00:00]} a6 {[%emt 0:00:00]} 5. c4 {[%emt 0:00:11]} Nf6 {[%emt 0:00:00]} 6. Nc3 {[%emt 0:01:48]} Qc7 {[%emt 0:00:00]} 7. Be3 {[%emt 0:08:08]} Nc6 {[%emt 0:02:22]} 8. Rc1 {[%emt 0:03:21]} Bd6 {[%emt 0:03:27]} 9. Nxc6 {[%emt 0:09:04]} dxc6 {[%emt 0:00:15]} 10. c5 {[%emt 0:00:30]} Be5 {[%emt 0:01:02]} 11. Bd3 {[%emt 0:07:39]} O-O {[%emt 0:00:51]} 12. h3 {[%emt 0:03:07]} Rd8 {[%emt 0:00:17]} 13. Qe2 {[%emt 0:01:36]} Bd4 {[%emt 0:04:18]} 14. O-O {[%emt 0:04:02]} e5 {[%emt 0:00:32]} 15. Bxd4 {[%emt 0:03:02]} Rxd4 {[%emt 0:00:19]} 16. Qe3 {[%emt 0:10:55]} Be6 {[%emt 0:03:21]} 17. Rfd1 {[%emt 0:10:42]} Rad8 {[%emt 0:00:59]} 18. Ne2 {[%emt 0:01:43]} R4d7 {[%emt 0:00:16]} 19. b3 {[%emt 0:00:40]} Qa5 {[%emt 0:06:23]} 20. Nc3 {[%emt 0:00:37]} Nh5 {[%emt 0:06:23]} 21. Bc2 {[%emt 0:00:57]} Nf4 {[%emt 0:01:26]} 22. Rxd7 {[%emt 0:01:34]} Rxd7 {[%emt 0:00:44]} 23. Rd1 {[%emt 0:00:58]} Qxc3 {[%emt 0:00:29]} 24. Rxd7 {[%emt 0:01:15]} Bxd7 {[%emt 0:00:09]} 0-1